[Event "12th Reykjavik op"]
[Site "Reykjavik ISL"]
[Date "1986.02.12"]
[Round "2.12"]
[White "Arnason, Jon"]
[Black "Burger, Karl"]
[Result "1-0"]
[WhiteElo "2500"]
[BlackElo "2290"]
[EventDate "1986.02.11"]
[PlyCount "94"]

1.e4 c6 2.d4 d5 3.Nc3 dxe4 4.Nxe4 Nd7 5.Ng5 Ngf6 6.Bd3 e6 7.Ne2 h6 8.Nf3 
c5 9.O-O Be7 10.Bf4 a6 11.c4 b6 12.Ne5 Bb7 13.Qa4 O-O 14.Rad1 Qc8 15.Qb3 
cxd4 16.Nxd4 Nxe5 17.Bxe5 Nd7 18.Bg3 Rd8 19.Bb1 Qc5 20.Nf3 Nf8 21.Ne5 Bf6 
22.Rfe1 Rxd1 23.Qxd1 Rd8 24.Qc2 Qb4 25.Qc1 Bg5 26.f4 Be7 27.Nd3 Qd6 28.Qc2
Bf6 29.b3 Qc6 30.Qe2 h5 31.Ne5 Bxe5 32.fxe5 Rd4 33.h3 h4 34.Bh2 Qc5 35.Kh1
Qb4 36.Qf1 Qd2 37.Re2 Qd1 38.Re1 Qd2 39.Re2 Qg5 40.Rf2 Rd2 41.Bf4 Rxf2 42.
Qxf2 Bxg2+ 43.Kh2 Qh5 44.Kxg2 Nd7 45.Qf3 Qh8 46.Qa8+ Nf8 47.Qxa6 Qh5 1-0

[Event "12th Reykjavik op"]
[Site "Reykjavik ISL"]
[Date "1986.02.12"]
[Round "2.13"]
[White "Donaldson, John"]
[Black "Fedorowicz, John"]
[Result "1/2-1/2"]
[WhiteElo "2420"]
[BlackElo "2500"]
[EventDate "1986.02.11"]
[PlyCount "22"]

1.e4 c5 2.Nf3 d6 3.Bb5+ Bd7 4.Bxd7+ Nxd7 5.O-O Ngf6 6.Qe2 e6 7.c3 Be7 8.d4
cxd4 9.cxd4 d5 10.e5 Ne4 11.Ne1 Qb6 1/2-1/2

[Event "12th Reykjavik op"]
[Site "Reykjavik ISL"]
[Date "1986.02.12"]
[Round "2.14"]
[White "Sigurjonsson, Gudmundur"]
[Black "Halldorsson, Bragi"]
[Result "1-0"]
[WhiteElo "2495"]
[BlackElo "2235"]
[EventDate "1986.02.11"]
[PlyCount "63"]

1.e4 c6 2.d4 d5 3.exd5 cxd5 4.c4 Nf6 5.Nc3 e6 6.Nf3 Be7 7.cxd5 Nxd5 8.Bd3 
Nc6 9.O-O O-O 10.Re1 Nf6 11.a3 b6 12.Bc2 Bb7 13.Qd3 a6 14.d5 exd5 15.Bg5 
g6 16.Rxe7 Qxe7 17.Nxd5 Nxd5 18.Bxe7 Ncxe7 19.Re1 Rad8 20.Qd4 Nc6 21.Qg4 
Nf6 22.Qf4 Nd5 23.Qh6 Rfe8 24.Rxe8+ Rxe8 25.h4 Ne5 26.Nxe5 Rxe5 27.Qd2 h5 
28.f3 Re8 29.Be4 Rd8 30.Qg5 Rd7 31.Qe5 Bc6 32.Qe8+ 1-0

[Event "12th Reykjavik op"]
[Site "Reykjavik ISL"]
[Date "1986.02.12"]
[Round "2.15"]
[White "Kristiansen, Jens"]
[Black "Welin, Thomas"]
[Result "0-1"]
[WhiteElo "2395"]
[BlackElo "2445"]
[EventDate "1986.02.11"]
[PlyCount "66"]

1.e4 e6 2.d4 d5 3.Nc3 Bb4 4.e5 c5 5.a3 Bxc3+ 6.bxc3 Ne7 7.Nf3 Bd7 8.a4 Qa5
9.Bd2 Nbc6 10.Be2 f6 11.c4 Qc7 12.exf6 gxf6 13.cxd5 Nxd5 14.dxc5 O-O-O 15.
O-O Rhg8 16.a5 e5 17.Ra3 Bg4 18.a6 Nf4 19.axb7+ Kb8 20.Kh1 Nxe2 21.Qxe2 
Bxf3 22.Qxf3 Rxd2 23.Raa1 Nd4 24.Qxf6 Qxb7 25.Qd6+ Kc8 26.c6 Qg7 27.g3 Rd8
28.Qa3 Qc7 29.Qa4 Qf7 30.Qa3 Rxf2 31.Rxf2 Qxf2 32.Qd3 e4 33.Qc4 Qf3+ 0-1

[Event "12th Reykjavik op"]
[Site "Reykjavik ISL"]
[Date "1986.02.12"]
[Round "2.16"]
[White "Seirawan, Yasser"]
[Black "Hardarson, Robert"]
[Result "1-0"]
[WhiteElo "2605"]
[BlackElo "2310"]
[EventDate "1986.02.11"]
[PlyCount "81"]

1.d4 Nf6 2.c4 g6 3.Nc3 Bg7 4.e4 d6 5.f3 O-O 6.Bg5 c5 7.d5 e6 8.Qd2 exd5 9.
cxd5 a6 10.a4 Re8 11.Nge2 Nbd7 12.Ng3 Rb8 13.Be2 Qc7 14.O-O c4 15.Be3 b5 
16.axb5 axb5 17.b4 Nf8 18.Ra7 Qd8 19.Rfa1 Re7 20.R7a5 Reb7 21.Bf1 N6d7 22.
Nge2 Ne5 23.Nd4 Bd7 24.h3 f5 25.f4 Nf7 26.exf5 gxf5 27.Be2 Qf6 28.R1a3 Ng6
29.Nc6 Re8 30.Nxb5 Rxb5 31.Rxb5 Qb2 32.Qxb2 Bxb2 33.Ra2 c3 34.Rb8 Bxc6 35.
Rxe8+ Bxe8 36.Ra8 Nd8 37.Rxd8 Kf7 38.Rc8 Ne7 39.Ra8 Bd7 40.Bd3 Nxd5 41.Kf2
1-0

[Event "12th Reykjavik op"]
[Site "Reykjavik ISL"]
[Date "1986.02.12"]
[Round "2.20"]
[White "Alburt, Lev"]
[Black "Bjarnason, Saevar"]
[Result "1-0"]
[WhiteElo "2515"]
[BlackElo "2395"]
[EventDate "1986.02.11"]
[PlyCount "67"]

1.d4 Nf6 2.c4 e6 3.g3 Bb4+ 4.Bd2 Be7 5.Bg2 d5 6.Nf3 O-O 7.O-O c6 8.Qb3 b6 
9.Nc3 Ba6 10.cxd5 cxd5 11.Ne5 Bb7 12.Rfc1 Nbd7 13.Bf4 Nxe5 14.Bxe5 Ne8 15.
e4 dxe4 16.Nxe4 Qd7 17.Nc5 Bxc5 18.Bxb7 Qxb7 19.dxc5 Nf6 20.c6 Qe7 21.Bxf6
Qxf6 22.Rc3 Rfc8 23.c7 Qe5 24.Qc4 a6 25.Qc6 h5 26.Qxb6 h4 27.gxh4 Qf4 28.
h3 Qxh4 29.Rd1 a5 30.Rd7 Qg5+ 31.Kf1 Kh7 32.Rxf7 Qd5 33.Qc6 Qxa2 34.Qe4+ 
1-0

[Event "12th Reykjavik op"]
[Site "Reykjavik ISL"]
[Date "1986.02.12"]
[Round "2.22"]
[White "Thorhallsson, Throestur"]
[Black "Ligterink, Gert"]
[Result "0-1"]
[WhiteElo "2245"]
[BlackElo "2470"]
[EventDate "1986.02.11"]
[PlyCount "96"]

1.e4 c5 2.Nf3 e6 3.d4 cxd4 4.Nxd4 Nc6 5.Nc3 d6 6.Be2 Nf6 7.Be3 Be7 8.O-O 
O-O 9.f4 a6 10.Bf3 Qc7 11.Qe1 Nxd4 12.Bxd4 e5 13.Be3 b5 14.Qf2 Bb7 15.Bb6 
Qc4 16.Be2 Qc8 17.Bd3 b4 18.Ne2 Bxe4 19.Ng3 Bxd3 20.cxd3 Nd5 21.Rac1 Qd7 
22.fxe5 dxe5 23.Nf5 Bg5 24.Qg3 f6 25.Bc5 Bxc1 26.Qg4 Rfd8 27.Rxc1 Rac8 28.
Rc4 g6 29.Nh6+ Kh8 30.Qh4 Qe6 31.h3 Rc6 32.Ng4 Rdc8 33.Qf2 Nf4 34.Qc2 Qf5 
35.Nf2 Ne6 36.Ne4 Nxc5 37.Nxc5 Qg5 38.Kf2 f5 39.a3 bxa3 40.b4 f4 41.Qa4 
Qg3+ 42.Kf1 f3 43.Rg4 fxg2+ 44.Kg1 Qe3+ 45.Kxg2 Rf6 46.Qc2 Qf3+ 47.Kh2 
Qf2+ 48.Rg2 Qf4+ 0-1

[Event "12th Reykjavik op"]
[Site "Reykjavik ISL"]
[Date "1986.02.12"]
[Round "2.23"]
[White "Yrjola, Jouni"]
[Black "Jonsson, Bjorgvin"]
[Result "0-1"]
[WhiteElo "2440"]
[BlackElo "2290"]
[EventDate "1986.02.11"]
[PlyCount "72"]

1.d4 d5 2.c4 e6 3.Nc3 Be7 4.Nf3 Nf6 5.Bg5 h6 6.Bxf6 Bxf6 7.e3 O-O 8.Rc1 c6
9.Bd3 dxc4 10.Bxc4 Nd7 11.O-O e5 12.h3 exd4 13.exd4 Re8 14.Qb3 Re7 15.d5 
Nb6 16.dxc6 Nxc4 17.Qxc4 bxc6 18.Rfd1 Qa5 19.Nd4 Bxd4 20.Rxd4 Bxh3 21.Qxc6
Rc8 22.Qf3 Be6 23.Rcd1 Qb6 24.R1d2 Qb8 25.Rd6 Rb7 26.b3 Rb6 27.R6d3 Rbc6 
28.Ne2 Qe5 29.Rd8+ Kh7 30.Rxc8 Rxc8 31.Qf4 Rc1+ 32.Kh2 Qh5+ 33.Kg3 g5 34.
Qd4 f5 35.f4 Rf1 36.fxg5 hxg5 0-1

[Event "12th Reykjavik op"]
[Site "Reykjavik ISL"]
[Date "1986.02.12"]
[Round "2.24"]
[White "Halldorsson, Gudmundur"]
[Black "Miles, Anthony John"]
[Result "0-1"]
[WhiteElo "2270"]
[BlackElo "2610"]
[EventDate "1986.02.11"]
[PlyCount "118"]

1.d4 Nf6 2.c4 e6 3.Nc3 Bb4 4.Qc2 O-O 5.a3 Bxc3+ 6.Qxc3 b6 7.Bg5 Bb7 8.e3 
d6 9.f3 Nbd7 10.Bd3 c5 11.Nh3 h6 12.Bh4 cxd4 13.exd4 Rc8 14.O-O b5 15.b3 
Ba6 16.Rfc1 bxc4 17.bxc4 Bxc4 18.Bxc4 d5 19.Bxf6 Qxf6 20.Qd3 dxc4 21.Rxc4 
Rxc4 22.Qxc4 Nb6 23.Qb4 Rd8 24.Rd1 e5 25.d5 Nxd5 26.Qc5 Qb6 27.Qxb6 axb6 
28.Nf2 f6 29.Ne4 Kf7 30.Nc3 Ke6 31.Kf2 Rd6 32.Nxd5 Rxd5 33.Rb1 Rd6 34.Ke3 
Kd7 35.h4 h5 36.Rb4 Kc6 37.Rc4+ Kb5 38.Rc7 g6 39.g3 Ka4 40.Rc3 f5 41.Ke2 
b5 42.Rc5 Re6 43.Rd5 e4 44.Rc5 Rb6 45.Rc3 Rd6 46.fxe4 fxe4 47.Re3 Rf6 48.
Kd2 Rf3 49.Rxe4+ Kxa3 50.g4 hxg4 51.Rxg4 Rf6 52.Kc2 b4 53.Rg5 b3+ 54.Kc3 
Rc6+ 55.Kd2 b2 56.Ra5+ Kb3 57.Rb5+ Ka2 58.Ra5+ Kb1 59.h5 Rd6+ 0-1

[Event "12th Reykjavik op"]
[Site "Reykjavik ISL"]
[Date "1986.02.12"]
[Round "2.26"]
[White "Dlugy, Maxim"]
[Black "Josteinsson, Leifur"]
[Result "1-0"]
[WhiteElo "2545"]
[BlackElo "2260"]
[EventDate "1986.02.11"]
[PlyCount "53"]

1.d4 d5 2.c4 e6 3.Nf3 f5 4.g3 Nf6 5.Bg2 c6 6.O-O Bd6 7.Bf4 O-O 8.Qc2 Ne4 
9.Nbd2 Qe7 10.Rab1 Nd7 11.Bxd6 Qxd6 12.b4 Nxd2 13.Nxd2 dxc4 14.Qxc4 Nb6 
15.Qc5 Rd8 16.Qxd6 Rxd6 17.Nf3 Bd7 18.e3 Nc4 19.Rfc1 b5 20.a4 a5 21.axb5 
cxb5 22.Ne5 Ra7 23.Rxc4 bxc4 24.Nxc4 Rda6 25.b5 Bxb5 26.Rxb5 g5 27.Bb7 1-0

[Event "12th Reykjavik op"]
[Site "Reykjavik ISL"]
[Date "1986.02.12"]
[Round "2.27"]
[White "Petursson, Margeir"]
[Black "Gudmundsson, Kristjan"]
[Result "1-0"]
[WhiteElo "2520"]
[BlackElo "2245"]
[EventDate "1986.02.11"]
[PlyCount "57"]

1.d4 Nf6 2.c4 g6 3.Nc3 Bg7 4.e4 d6 5.f3 e5 6.Nge2 c6 7.Bg5 O-O 8.Qd2 Qb6 
9.O-O-O Nbd7 10.d5 Nc5 11.Kb1 cxd5 12.Bxf6 Bxf6 13.Nxd5 Qd8 14.Nxf6+ Qxf6 
15.Qxd6 Ne6 16.Rd5 Qh4 17.Qxe5 Qe1+ 18.Kc2 b5 19.Nc3 bxc4 20.Rd1 Qf2+ 21.
Rd2 Qe1 22.Nd5 Rd8 23.Nf6+ Kg7 24.Rxd8 Nxd8 25.Nh5+ Kh6 26.Qf4+ Kxh5 27.
g4+ Bxg4 28.fxg4+ Kh4 29.Qh6+ 1-0

[Event "12th Reykjavik op"]
[Site "Reykjavik ISL"]
[Date "1986.02.12"]
[Round "2.31"]
[White "Thorsteinsson, Thorsteinn"]
[Black "Remlinger, Larry"]
[Result "0-1"]
[WhiteElo "2325"]
[BlackElo "2380"]
[EventDate "1986.02.11"]
[PlyCount "140"]

1.d4 Nf6 2.c4 e6 3.Nc3 Bb4 4.Qc2 c5 5.dxc5 Na6 6.Nf3 Nxc5 7.Bd2 b6 8.e3 
Bb7 9.Be2 O-O 10.O-O Qe7 11.a3 Bxc3 12.Bxc3 Rac8 13.b3 Nfe4 14.b4 Nxc3 15.
Qxc3 Ne4 16.Qd4 f5 17.Rac1 d6 18.Rfd1 f4 19.c5 dxc5 20.bxc5 Nxc5 21.Qe5 
Rf5 22.Qd6 Qxd6 23.Rxd6 fxe3 24.fxe3 Rd5 25.Rxd5 Bxd5 26.Nd4 Rd8 27.Nb5 
Rd7 28.Nd4 Kf8 29.Bb5 Rc7 30.Bd3 h6 31.e4 Ba2 32.Bb5 e5 33.Nf3 Re7 34.Bc6 
g6 35.Rd1 Kg7 36.Rd6 Bb1 37.Nd2 Bc2 38.Rd8 Ne6 39.Ra8 Nd4 40.Bd5 Ba4 41.
Rc8 Be8 42.Kf2 Bf7 43.Ke3 Bxd5 44.exd5 Nf5+ 45.Kf3 Rd7 46.Nc4 Rxd5 47.Ke4 
Ne7 48.Rc7 Kf6 49.Rc6+ Kf7 50.Rc7 Kf6 51.Rc6+ Nxc6 52.Kxd5 b5 53.Nd6 Nd4 
54.Ne4+ Kf5 55.Nd6+ Kf4 56.g3+ Ke3 57.Kxe5 a6 58.h4 Kd3 59.Kf6 Nc2 60.Kxg6
Nxa3 61.Nb7 Kd4 62.Na5 Nc4 63.Nb3+ Kc3 64.Nc5 a5 65.g4 a4 66.g5 h5 67.Kf6 
a3 68.g6 a2 69.g7 a1=Q 70.g8=Q Kb4+ 0-1

[Event "12th Reykjavik op"]
[Site "Reykjavik ISL"]
[Date "1986.02.13"]
[Round "3.2"]
[White "Salov, Valery"]
[Black "Byrne, Robert"]
[Result "1/2-1/2"]
[WhiteElo "2525"]
[BlackElo "2505"]
[EventDate "1986.02.11"]
[PlyCount "98"]

{41/667} 
1.d4 Nf6 2.c4 g6 3.Nc3 Bg7 4.e4 d6 5.f3 a6 6.Be3 c6 7.a4 ( 7.Bd3 $1 ) 7...
a5 8.Bd3 Na6 9.Rc1 e5 10.Nge2 ( 10.d5 $6 Nd7 11.Qd2 Ndc5 12.Bc2 O-O 13.
Nge2 $11 ) 10...Nb4 11.Bb1 Nd7 12.O-O O-O 13.f4 $1 $14 {Salov} 13...Qe7 
14.Qd2 exd4 15.Nxd4 $1 ( 15.Bxd4 Bxd4+ 16.Qxd4 Nc5 17.Rcd1 Nb3 18.Qxd6 
Qxd6 19.Rxd6 Be6 $132 {Salov} ) 15...Nc5 16.Rcd1 $2 ( 16.f5 $1 Bxd4 17.
Bxd4 Nb3 18.Qh6 f6 19.Rcd1 Nxd4 20.Rxd4 $16 ) 16...f5 $13 17.exf5 gxf5 18.
Rf3 Rf6 19.Rg3 Bd7 20.Rg5 Raf8 21.Bf2 Qf7 22.b3 Rg6 $6 ( 22...Re8 $1 ) 23.
Rxg6 hxg6 24.Nf3 $16 Nxb3 25.Qxd6 Bxc3 26.Ng5 Qg7 27.Qxd7 Qxd7 28.Rxd7 Re8
29.g4 $2 ( 29.Rd6 $1 ) 29...Nd2 30.Bd3 Nxd3 31.Rxd3 Bb4 32.gxf5 gxf5 33.
Rd7 c5 34.h4 Rf8 35.Rxb7 Nxc4 36.Kg2 Nb2 37.Bxc5 Bxc5 38.Rxb2 Bb4 39.Re2 
Rc8 40.Re5 Rc4 41.Rxf5 Bd2 42.Kf3 Rxa4 43.h5 Rxf4+ 44.Rxf4 Bxf4 45.Kxf4 a4
46.Ne4 a3 47.Nc3 Kh7 48.Kg5 Kg7 49.h6+ Kg8 1/2-1/2

[Event "12th Reykjavik op"]
[Site "Reykjavik ISL"]
[Date "1986.02.13"]
[Round "3.3"]
[White "De Firmian, Nick"]
[Black "Arnason, Jon"]
[Result "1/2-1/2"]
[WhiteElo "2520"]
[BlackElo "2500"]
[EventDate "1986.02.11"]
[PlyCount "154"]

1.d4 Nf6 2.c4 e6 3.Nc3 Bb4 4.g3 c5 5.Nf3 Nc6 6.Bg2 Ne4 7.Qd3 Qa5 8.d5 Ne7 
9.Qxe4 Bxc3+ 10.Nd2 f5 11.Qc2 Bf6 12.O-O O-O 13.dxe6 dxe6 14.Nb3 Qb6 15.
Be3 Bd4 16.Nxd4 cxd4 17.c5 Qd8 18.Bf4 Nc6 19.Bd6 Re8 20.Qc4 a5 21.Rfd1 Qf6
22.Rd2 h6 23.Rad1 Kh7 24.f4 Bd7 25.Qb3 Ra7 26.Qb6 Rea8 27.a4 Be8 28.Kf2 
Bd7 29.Rxd4 Nxd4 30.Be5 Qf8 31.Rxd4 Bc6 32.Bxc6 bxc6 33.Qxc6 Rc8 34.Qxe6 
Rxc5 35.Qb6 Rxe5 36.Qxa7 Rc5 37.Qd7 Qb8 38.Rd5 Rxd5 39.Qxd5 Qb6+ 40.Kf3 g6
41.b3 h5 42.e4 fxe4+ 43.Kxe4 Qb4+ 44.Kd3 Qe1 45.Kc4 Qb4+ 46.Kd3 Qe1 47.Kd4
h4 48.f5 Qf2+ 49.Kc4 gxf5 50.Qf7+ Kh8 51.Qf6+ Kg8 52.Qxh4 Qc2+ 53.Kb5 
Qxb3+ 54.Kxa5 Qd5+ 55.Kb4 Qd2+ 56.Kc5 Qa5+ 57.Kd6 Qb6+ 58.Kd5 Qa5+ 59.Ke6 
Qa6+ 60.Ke5 Qa5+ 61.Kf4 Qd2+ 62.Ke5 Qa5+ 63.Ke6 Qa6+ 64.Kxf5 Qc8+ 65.Kg6 
Qe8+ 66.Kg5 Qd8+ 67.Kg4 Qd7+ 68.Kf3 Qd3+ 69.Kg2 Qe2+ 70.Kh3 Qf1+ 71.Kg4 
Qd1+ 72.Kf5 Qd5+ 73.Kg6 Qf7+ 74.Kg5 Qd5+ 75.Kh6 Qe6+ 76.Kh5 Qf7+ 77.Kg4 
Qd7+ 1/2-1/2

[Event "12th Reykjavik op"]
[Site "Reykjavik ISL"]
[Date "1986.02.13"]
[Round "3.4"]
[White "Hansen, Curt"]
[Black "Sigurjonsson, Gudmundur"]
[Result "1-0"]
[WhiteElo "2510"]
[BlackElo "2495"]
[EventDate "1986.02.11"]
[PlyCount "129"]

1.d4 Nf6 2.Nf3 c5 3.g3 d5 4.Bg2 Nc6 5.O-O e6 6.c4 dxc4 7.Ne5 Bd7 8.Na3 
cxd4 9.Naxc4 Be7 10.Qb3 Nxe5 11.Nxe5 Qb6 12.Bxb7 Rb8 13.Qxb6 axb6 14.Bf3 
Rc8 15.Rd1 Bc5 16.b3 Bb4 17.Bb2 Bc3 18.Bxc3 dxc3 19.Rac1 Rc5 20.Nxd7 Nxd7 
21.Rd3 Ne5 22.Rdxc3 Nxf3+ 23.exf3 Rxc3 24.Rxc3 Kd7 25.f4 Ra8 26.a4 Ra5 27.
Kf1 Kd6 28.Rc8 b5 29.Rd8+ Ke7 30.Rd4 bxa4 31.bxa4 Rc5 32.Ke2 Rc2+ 33.Rd2 
Rc3 34.Ra2 Kd7 35.a5 Rc7 36.Kd3 Ra7 37.a6 Kc6 38.Ke4 f6 39.h4 Kc5 40.g4 
Kd6 41.g5 Kc5 42.Ra1 Kd6 43.Kd4 Kc6 44.Ke4 Kd6 45.Ra3 Kc5 46.Ra1 Kd6 47.f3
Kc6 48.f5 exf5+ 49.Kxf5 fxg5 50.Kxg5 Kd5 51.f4 Ke6 52.h5 Kd5 53.f5 Ra8 54.
a7 Kd6 55.Ra6+ Ke7 56.h6 Kf7 57.hxg7 Kxg7 58.f6+ Kf7 59.Kf5 h5 60.Ra1 h4 
61.Rg1 h3 62.Rg7+ Kf8 63.Rh7 Kg8 64.Kg6 h2 65.f7+ 1-0

[Event "12th Reykjavik op"]
[Site "Reykjavik ISL"]
[Date "1986.02.13"]
[Round "3.8"]
[White "Ligterink, Gert"]
[Black "Larsen, Bent"]
[Result "0-1"]
[WhiteElo "2470"]
[BlackElo "2575"]
[EventDate "1986.02.11"]
[PlyCount "68"]

1.d4 Nf6 2.c4 e6 3.Nf3 Bb4+ 4.Nbd2 d5 5.Qa4+ Nc6 6.a3 Be7 7.e3 O-O 8.Bd3 
a6 9.O-O dxc4 10.Qxc4 Bd6 11.e4 e5 12.d5 Ne7 13.Qc3 Re8 14.Re1 c6 15.dxc6 
Nxc6 16.b4 Be6 17.Bc4 Rc8 18.Bxe6 Rxe6 19.Qb3 Bb8 20.Bb2 Rd6 21.Nc4 Rd3 
22.Qa2 Rxf3 23.gxf3 Nh5 24.Ne3 Nf4 25.Kh1 Nd3 26.Rf1 Qf6 27.Kg2 Qg5+ 28.
Kh1 Qh5 29.Ng4 Qh3 30.Rg1 Qxf3+ 31.Rg2 h5 32.Nh6+ Kf8 33.Kg1 gxh6 34.Bc3 
Nf4 0-1

[Event "12th Reykjavik op"]
[Site "Reykjavik ISL"]
[Date "1986.02.13"]
[Round "3.9"]
[White "Benjamin, Joel"]
[Black "Schussler, Harry"]
[Result "1/2-1/2"]
[WhiteElo "2555"]
[BlackElo "2455"]
[EventDate "1986.02.11"]
[PlyCount "61"]

1.d4 Nf6 2.c4 c5 3.d5 e6 4.Nc3 exd5 5.cxd5 Bd6 6.Nf3 O-O 7.Bg5 Bc7 8.e3 d6
9.Be2 Nbd7 10.O-O h6 11.Bh4 a6 12.a4 g5 13.Bg3 Nh5 14.Nd2 Nxg3 15.hxg3 f5 
16.Nc4 Qe7 17.Rb1 Ne5 18.Qc2 Nxc4 19.Bxc4 Ba5 20.g4 Rb8 21.gxf5 Bxf5 22.
Bd3 Bd7 23.Ne2 Kh8 24.Ng3 Qe5 25.Rbd1 b5 26.axb5 axb5 27.b3 Bc3 28.Ne4 Bb4
29.Ng3 Bc3 30.Ne4 Bb4 31.Ng3 1/2-1/2

[Event "12th Reykjavik op"]
[Site "Reykjavik ISL"]
[Date "1986.02.13"]
[Round "3.10"]
[White "Olafsson, Helgi"]
[Black "Kudrin, Sergey"]
[Result "1/2-1/2"]
[WhiteElo "2545"]
[BlackElo "2460"]
[EventDate "1986.02.11"]
[PlyCount "41"]

1.d4 Nf6 2.Nf3 e6 3.c4 b6 4.g3 Ba6 5.b3 Bb4+ 6.Bd2 Be7 7.Bg2 d5 8.cxd5 
exd5 9.Nc3 O-O 10.O-O Bb7 11.Qc2 Na6 12.Rfd1 Qc8 13.Bf4 h6 14.Rac1 Qe6 15.
Ne5 Rfd8 16.Nb5 c5 17.Bf3 Bf8 18.Qb1 Qe8 19.a4 Qe7 20.Nd3 Bc8 21.Ne5 
1/2-1/2

[Event "12th Reykjavik op"]
[Site "Reykjavik ISL"]
[Date "1986.02.13"]
[Round "3.11"]
[White "Wilder, Michael"]
[Black "Lein, Anatoly"]
[Result "1/2-1/2"]
[WhiteElo "2445"]
[BlackElo "2535"]
[EventDate "1986.02.11"]
[PlyCount "53"]

1.d4 Nf6 2.c4 e6 3.Nf3 b6 4.a3 Bb7 5.Nc3 d5 6.cxd5 exd5 7.g3 Be7 8.Qa4+ c6
9.Bg2 O-O 10.O-O Nbd7 11.Bf4 Nh5 12.Bd2 f5 13.Rad1 Bd6 14.b4 a6 15.Qb3 Qe7
16.Ne1 Kh8 17.Nd3 b5 18.Bf3 Nhf6 19.Bf4 Ne4 20.Bxd6 Qxd6 21.Bg2 Rae8 22.e3
g5 23.Ne2 Nb6 24.Ne5 Nc4 25.Nxc4 bxc4 26.Qc2 Bc8 27.Rde1 1/2-1/2

[Event "12th Reykjavik op"]
[Site "Reykjavik ISL"]
[Date "1986.02.13"]
[Round "3.12"]
[White "Gheorghiu, Florin"]
[Black "Donaldson, John"]
[Result "1-0"]
[WhiteElo "2525"]
[BlackElo "2420"]
[EventDate "1986.02.11"]
[PlyCount "92"]

1.d4 d5 2.c4 c6 3.Nf3 Nf6 4.Qb3 dxc4 5.Qxc4 Bf5 6.g3 e6 7.Bg2 Be7 8.O-O 
O-O 9.Bg5 Nbd7 10.Nc3 a5 11.e3 h6 12.Bxf6 Bxf6 13.Rfd1 Qb6 14.Qe2 a4 15.
Rac1 Rfd8 16.Ne1 Bh7 17.Be4 Bxe4 18.Nxe4 Be7 19.Nd3 Qa5 20.Ndc5 Nxc5 21.
Nxc5 Qb6 22.Nd3 Qb5 23.Rd2 Qd5 24.a3 Ra5 25.Rdc2 Rb5 26.Rc4 Ra8 27.R1c3 
Qd8 28.Qc2 Qa5 29.Nc5 Bxc5 30.dxc5 Qc7 31.Rd3 Qe7 32.Rdd4 g6 33.h4 h5 34.
Kg2 Rf8 35.Qd2 Rxc5 36.Qb4 b6 37.Qxb6 Rb5 38.Qxc6 Rxb2 39.Rxa4 Ra2 40.Rd7 
Qf6 41.Rf4 Qg7 42.a4 e5 43.Rf3 Ra1 44.Qc4 Ra3 45.Re7 Ra1 46.Qb3 Rc1 1-0

[Event "12th Reykjavik op"]
[Site "Reykjavik ISL"]
[Date "1986.02.13"]
[Round "3.13"]
[White "Jonsson, Bjorgvin"]
[Black "Geller, Efim"]
[Result "1/2-1/2"]
[WhiteElo "2290"]
[BlackElo "2525"]
[EventDate "1986.02.11"]
[PlyCount "42"]

1.d4 Nf6 2.c4 e6 3.Nc3 Bb4 4.a3 Bxc3+ 5.bxc3 c5 6.e3 Nc6 7.Bd3 O-O 8.Ne2 
b6 9.O-O Ba6 10.e4 Ne8 11.f4 f5 12.exf5 exf5 13.dxc5 bxc5 14.Be3 d6 15.Re1
Qd7 16.Ng3 g6 17.Bf2 Na5 18.Nf1 Nf6 19.Ne3 Rae8 20.Bh4 Ne4 21.Nd5 Kg7 
1/2-1/2

[Event "12th Reykjavik op"]
[Site "Reykjavik ISL"]
[Date "1986.02.13"]
[Round "3.14"]
[White "Zaltsman, Vitaly"]
[Black "Alburt, Lev"]
[Result "1-0"]
[WhiteElo "2410"]
[BlackElo "2515"]
[EventDate "1986.02.11"]
[PlyCount "93"]

1.d4 Nf6 2.c4 c5 3.d5 b5 4.Nf3 Bb7 5.a4 bxc4 6.Nc3 e6 7.e4 Qe7 8.Be2 g6 9.
O-O e5 10.Nd2 Ba6 11.Nb5 d6 12.Qc2 Qd8 13.Nxc4 Bxb5 14.axb5 Bg7 15.b6 a6 
16.b4 O-O 17.Be3 Nbd7 18.Nxd6 cxb4 19.b7 Rb8 20.Bxa6 Ng4 21.Ba7 Qf6 22.Nc4
Qh4 23.h3 Ngf6 24.Nd2 Rbd8 25.Rfe1 g5 26.Nf3 Qh5 27.Qe2 Qg6 28.Nh2 h5 29.
Nf1 h4 30.f3 g4 31.fxg4 Bh6 32.Rab1 Nxe4 33.Bd3 Nc3 34.Bxg6 Nxe2+ 35.Rxe2 
fxg6 36.Rxb4 Bg5 37.Nd2 Nb8 38.Rb5 Bf4 39.Ne4 Nc6 40.Reb2 Nb8 41.R2b3 Kh7 
42.g5 Rf7 43.Rb1 Kh8 44.Bf2 Rdf8 45.Rc5 Rd7 46.d6 Kg7 47.Rc7 1-0

[Event "12th Reykjavik op"]
[Site "Reykjavik ISL"]
[Date "1986.02.13"]
[Round "3.15"]
[White "Miles, Anthony John"]
[Black "Karklins, Andrew"]
[Result "1-0"]
[WhiteElo "2610"]
[BlackElo "2320"]
[EventDate "1986.02.11"]
[PlyCount "35"]

1.d4 Nf6 2.c4 e6 3.Nf3 b6 4.Nc3 Bb7 5.a3 d5 6.cxd5 Nxd5 7.Qc2 Nxc3 8.bxc3 
Qd5 9.e3 Nd7 10.Bd3 c5 11.e4 Qc6 12.d5 exd5 13.exd5 Qxd5 14.Bg5 c4 15.Bf5 
Nc5 16.Rd1 Qc6 17.Qe2+ Ne6 18.Nd4 1-0

[Event "12th Reykjavik op"]
[Site "Reykjavik ISL"]
[Date "1986.02.13"]
[Round "3.17"]
[White "Pyhala, Antti"]
[Black "Dlugy, Maxim"]
[Result "1/2-1/2"]
[WhiteElo "2340"]
[BlackElo "2545"]
[EventDate "1986.02.11"]
[PlyCount "78"]

1.e4 c6 2.d4 d5 3.exd5 cxd5 4.c4 Nf6 5.Nc3 e6 6.cxd5 Nxd5 7.Nf3 Be7 8.Bd3 
Nc6 9.O-O O-O 10.a3 Bf6 11.Qc2 g6 12.Rd1 Qb6 13.Bh6 Rd8 14.h4 Nxd4 15.Nxd4
Bxd4 16.h5 Nxc3 17.bxc3 Bg7 18.Bxg7 Kxg7 19.Rab1 Qc7 20.Be4 Rxd1+ 21.Qxd1 
e5 22.Qd2 Rb8 23.h6+ Kf8 24.Rd1 Ke7 25.Bd5 f6 26.c4 Be6 27.f4 Bxd5 28.cxd5
Qc5+ 29.Kh1 e4 30.Qe2 Re8 31.Qxe4+ Kf7 32.Qd3 Qe3 33.Qf1 g5 34.d6 Qxf4 35.
Qd3 Re1+ 36.Rxe1 Qh4+ 37.Kg1 Qxe1+ 38.Kh2 Qh4+ 39.Kg1 Qe1+ 1/2-1/2

[Event "12th Reykjavik op"]
[Site "Reykjavik ISL"]
[Date "1986.02.13"]
[Round "3.18"]
[White "Halldorsson, Bragi"]
[Black "Petursson, Margeir"]
[Result "0-1"]
[WhiteElo "2235"]
[BlackElo "2520"]
[EventDate "1986.02.11"]
[PlyCount "78"]

1.d4 Nf6 2.Nf3 e6 3.c4 b6 4.Nc3 Bb4 5.Bg5 Bb7 6.e3 h6 7.Bh4 Bxc3+ 8.bxc3 
d6 9.Be2 Nbd7 10.O-O Qe7 11.Nd2 e5 12.Bxf6 Nxf6 13.Qa4+ c6 14.c5 dxc5 15.
dxe5 Qxe5 16.Bf3 O-O 17.c4 Rfd8 18.Rad1 Rd6 19.Rfe1 a6 20.Nf1 Rad8 21.Rb1 
b5 22.Qa5 Ne4 23.Qb6 Bc8 24.Bxe4 Qxe4 25.cxb5 cxb5 26.Qxc5 Rc6 27.Qa3 Rc2 
28.Rb4 Rxa2 29.Rxe4 Rxa3 30.Rd4 Rd3 31.Rxd8+ Rxd8 32.Rb1 Bf5 33.Ra1 b4 34.
f3 Bd3 35.Nd2 Rb8 36.e4 Rb6 37.Kf2 b3 38.Ra3 Bc2 39.Nc4 b2 0-1

[Event "12th Reykjavik op"]
[Site "Reykjavik ISL"]
[Date "1986.02.13"]
[Round "3.19"]
[White "Burger, Karl"]
[Black "Reshevsky, Samuel Herman"]
[Result "1/2-1/2"]
[WhiteElo "2290"]
[BlackElo "2485"]
[EventDate "1986.02.11"]
[PlyCount "60"]

1.d4 Nf6 2.c4 e6 3.Nf3 b6 4.Nc3 Bb7 5.a3 d5 6.cxd5 Nxd5 7.Qc2 Nxc3 8.Qxc3 
h6 9.Bf4 Bd6 10.Bxd6 cxd6 11.d5 e5 12.e4 O-O 13.Be2 Ba6 14.Rc1 Bxe2 15.
Kxe2 Qd7 16.h3 f5 17.Nd2 fxe4 18.Nxe4 Na6 19.b4 Rac8 20.Qd3 Nc7 21.Rhd1 
Nb5 22.Kf1 Nd4 23.Kg1 b5 24.Rxc8 Rxc8 25.f4 Rf8 26.fxe5 dxe5 27.d6 Qc6 28.
Kh2 Rf4 29.Re1 a6 30.Qc3 Qd5 1/2-1/2

[Event "12th Reykjavik op"]
[Site "Reykjavik ISL"]
[Date "1986.02.13"]
[Round "3.21"]
[White "Arnason, Asgeir Thor"]
[Black "Van der Sterren, Paul"]
[Result "1/2-1/2"]
[WhiteElo "2240"]
[BlackElo "2470"]
[EventDate "1986.02.11"]
[PlyCount "81"]

1.d4 Nf6 2.Nf3 d5 3.c4 e6 4.Nc3 Be7 5.cxd5 exd5 6.Qc2 c6 7.Bf4 g6 8.e3 Bf5
9.Bd3 Bxd3 10.Qxd3 O-O 11.O-O Nbd7 12.h3 Re8 13.Rab1 a5 14.Ne5 Nh5 15.Bh2 
Bd6 16.Nxd7 Bxh2+ 17.Kxh2 Qxd7 18.a3 f5 19.g3 Nf6 20.Na4 Qe7 21.Nc5 Ne4 
22.Qc2 Nxc5 23.Qxc5 Qxc5 24.dxc5 Re4 25.Kg2 Kf7 26.Rfd1 Rae8 27.h4 Rc4 28.
Rbc1 Ree4 29.b3 Rxc1 30.Rxc1 Ke6 31.Rb1 d4 32.exd4 Rxd4 33.Re1+ Kd7 34.Re3
Rd2 35.Rc3 Rb2 36.Kf3 Ke6 37.Ke3 h6 38.Rd3 f4+ 39.Kxf4 Rxf2+ 40.Ke4 Re2+ 
41.Kf4 1/2-1/2

[Event "12th Reykjavik op"]
[Site "Reykjavik ISL"]
[Date "1986.02.13"]
[Round "3.25"]
[White "Jonasson, Benedikt"]
[Black "Yrjola, Jouni"]
[Result "1-0"]
[WhiteElo "2290"]
[BlackElo "2440"]
[EventDate "1986.02.11"]
[PlyCount "59"]

1.e4 c5 2.Nf3 d6 3.d4 cxd4 4.Nxd4 Nf6 5.Nc3 a6 6.Bg5 e6 7.f4 b5 8.e5 dxe5 
9.fxe5 Qc7 10.Qe2 Nfd7 11.O-O-O Bb7 12.Nxe6 fxe6 13.Qg4 Qxe5 14.Bd3 Be7 
15.Bxe7 Kxe7 16.Rhe1 h5 17.Qb4+ Qc5 18.Qh4+ g5 19.Qh3 Rh6 20.Be4 Nc6 21.
Bd5 Nd8 22.Bxb7 Nxb7 23.Qf3 Ra7 24.Ne4 Qe5 25.Kb1 Qf4 26.Qc3 Rg6 27.Rf1 
Qb8 28.Rxd7+ Kxd7 29.Rf7+ Ke8 30.Qh8+ 1-0